| Tag |
First Indicator |
Second Indicator |
Subfields |
| LEADER |
00000cam a2200000 4500 |
| 001 |
in00000343621 |
| 005 |
20151011055737.0 |
| 008 |
770816s1928 enk b 00110 engm |
| 010 |
|
|
|a 28021203
|
| 035 |
|
|
|a (OCoLC)03192897
|
| 035 |
|
|
|9 ABM3989AM
|
| 040 |
|
|
|a DLC
|c TXA
|d UtOrBLW
|
| 049 |
|
|
|a TXAM
|c [70497]
|
| 050 |
0 |
0 |
|a QP551
|b .K8
|
| 100 |
1 |
|
|a Kossel, A.
|q (Albrecht),
|d 1853-1927.
|
| 245 |
1 |
4 |
|a The protamines and histones /
|c by the late Albrecht Kossel. Translated from the original German manuscript by William Veale Thorpe.
|
| 264 |
|
1 |
|a London,
|a New York :
|b Longmans, Green,
|c 1928.
|
| 300 |
|
|
|a xi, 107 pages ;
|c 25 cm.
|
| 336 |
|
|
|a text
|b txt
|2 rdacontent
|
| 337 |
|
|
|a unmediated
|b n
|2 rdamedia
|
| 338 |
|
|
|a volume
|b nc
|2 rdacarrier
|
| 490 |
1 |
|
|a Monographs on biochemistry
|
| 504 |
|
|
|a Bibliography: pages 97-104.
|
| 650 |
|
0 |
|a Protamines.
|
| 650 |
|
0 |
|a Histones.
|
| 700 |
1 |
|
|a Thorpe, William Veale.
|
| 830 |
|
0 |
|a Monographs on biochemistry.
|
| 999 |
|
|
|a MARS
|
| 999 |
f |
f |
|s e648c405-9159-3114-a31d-dd456084c8f6
|i 41edf36e-6b39-36a2-838b-bb2696cabc9d
|t 0
|
| 952 |
f |
f |
|p ric
|a Texas A&M University
|b Rellis Campus
|c Joint Library Facility
|d Remote Storage
|t 0
|e QP551 .K8
|h Library of Congress classification
|i unmediated -- volume
|m A14805023165
|
| 998 |
f |
f |
|a QP551 .K8
|t 0
|l Remote Storage
|